|
|
|
|
| LEADER |
03027nam a2200421 a 4500 |
| 001 |
014500478 |
| 008 |
110917s2011 paua b 001 0 eng |
| 010 |
|
|
|a 2007030085
|
| 020 |
|
|
|a 9781416055693
|
| 020 |
|
|
|a 9788131226131
|
| 020 |
|
|
|a 9781416046882 (pbk.) :
|c £36.99
|
| 020 |
|
|
|a 1416046887 (pbk.) :
|c £36.99
|
| 040 |
|
|
|a StDuBDS
|b eng
|c StDuBDS
|d Uk
|d BD-DhAAL
|
| 082 |
0 |
0 |
|a 616.079
|2 22
|
| 100 |
1 |
|
|a Abbas, Abul K.
|
| 245 |
1 |
0 |
|a Basic immunology :
|b functions and disorders of the immune system /
|c Abul K. Abbas, Andrew H. Lichtman ; illustrated by David L. Baker and Alexandra Baker.
|
| 250 |
|
|
|a 3rd ed., updated
|
| 260 |
|
|
|a Philadelphia, Pa. ;
|a London :
|b Saunders,
|c 2011.
|
| 300 |
|
|
|a viii, 312 p. :
|b col. ill. ;
|c 24 cm.
|
| 500 |
|
|
|a Formerly CIP.
|5 Uk
|
| 504 |
|
|
|a Includes bibliographical references (p. 239-243) and index.
|
| 541 |
|
|
|e 00023407
|
| 505 |
0 |
|
|a Introduction to the immune system : the nomenclature, general properties, and components of the immune system -- Innate immunity : the early defense against infections -- Antigen capture and presentation to lymphoctyes : what lymphocytes see -- Antigen recognition in the adaptive immune system : structure of lymphocyte antigen receptors and the development of immune repertoires --
|
| 505 |
0 |
|
|a Cell-mediated immune responses : activation of T lymphocytes by cell-associated microbes -- Effector mechanisms of cell-mediated immunity : eradication of intracellular microbes -- Humoral immune responses : activation of B lymphocytes and production of antibodies -- Effector mechanisms of humoral immunity : the elimination of extracellular microbes and toxins --
|
| 505 |
0 |
|
|a Immunological tolerance and autoimmunity : self-nonself discrimination in the immune system and its failure -- Immune responses against tumors and transplants : immunity to noninfectious transformed and foreign cells -- Hypersensitivity diseases : disorders caused by immune responses -- Congenital and acquired immunodeficiencies : diseases caused by defective immune responses.
|
| 650 |
|
0 |
|a Immunology.
|
| 650 |
|
0 |
|a Immunity.
|
| 650 |
1 |
2 |
|a Immunity.
|
| 650 |
2 |
2 |
|a Hypersensitivity.
|
| 650 |
2 |
2 |
|a Immune System
|x physiology.
|
| 650 |
2 |
2 |
|a Immunologic Deficiency Syndromes.
|
| 700 |
1 |
|
|a Lichtman, Andrew H.
|
| 852 |
1 |
|
|a Ayesha Abed Library
|c General shelf.
|
| 942 |
0 |
0 |
|0 3
|
| 999 |
|
|
|c 11231
|d 11231
|
| 952 |
|
|
|0 0
|1 0
|2 ddc
|4 0
|6 616_079000000000000_ABB
|7 0
|9 18006
|a BRACUL
|b BRACUL
|c GEN
|d 2011-09-17
|e Development Book Agency
|g 950.00
|l 20
|m 242
|o 616.079 ABB
|p 3010023407
|q 2026-06-02
|r 2026-02-22
|s 2026-02-22
|t 1
|w 2011-09-17
|y BK
|
| 952 |
|
|
|0 0
|1 0
|2 ddc
|4 0
|6 616_079000000000000_ABB
|7 0
|9 18007
|a BRACUL
|b BRACUL
|c GEN
|d 2011-09-17
|e Development Book Agency
|g 950.00
|l 26
|m 237
|o 616.079 ABB
|p 3010023408
|r 2026-05-19
|s 2026-02-01
|t 2
|w 2011-09-17
|y BK
|
| 952 |
|
|
|0 0
|1 0
|2 ddc
|4 0
|6 616_079000000000000_ABB
|7 0
|9 18008
|a BRACUL
|b BRACUL
|c GEN
|d 2011-09-17
|e Development Book Agency
|g 950.00
|l 25
|m 223
|o 616.079 ABB
|p 3010023409
|q 2026-06-09
|r 2025-06-16
|s 2025-06-16
|t 3
|w 2011-09-17
|y BK
|